LEADER 01228nam 2200349 n 450 001 996383711603316 005 20221108003530.0 035 $a(CKB)1000000000580226 035 $a(EEBO)2240953427 035 $a(UnM)99870031 035 $a(EXLCZ)991000000000580226 100 $a19940816d1651 uy | 101 0 $aeng 135 $aurbn||||a|bb| 200 10$aOld sayings and predicitons verified and fulfilled$b[electronic resource] $etouching the young King of Scotland and his gued subjects 210 $aLondon $c[s.n.]$dPrinted 1651 215 $a1 sheet ([1] p.) $cill 300 $aSigned at end: J.L. Philalethes. 300 $aFirst part is in verse - "This embleme needs no learned exposition,". 300 $aAnnotation on Thomason copy: "July 14". 300 $aReproduction of the original in the British Library. 330 $aeebo-0018 607 $aGreat Britain$xHistory$yCommonwealth and Protectorate, 1649-1660$vEarly works to 1800 700 $aJ. L$01002880 801 0$bCu-RivES 801 1$bCu-RivES 801 2$bCStRLIN 801 2$bWaOLN 906 $aBOOK 912 $a996383711603316 996 $aOld sayings and predicitons verified and fulfilled$92413578 997 $aUNISA LEADER 01173nam a2200301 i 4500 001 991003183499707536 005 20020509113630.0 008 000315s1971 it ||| | ita 035 $ab1112166x-39ule_inst 035 $aPARLA176665$9ExL 040 $aDip.to Scienze Storiche Fil. e Geogr.$bita 082 0 $a960 100 1 $aDavidson, Basil$0136838 245 10$aGuida alla storia africana /$cBasil Davidson ; traduzione di Enrica Casanova 260 $aBologna :$bZanichelli,$c1971 300 $a124 p. :$bill. ;$c21 cm. 490 0 $aIntroduzione alla storia ;$v4 500 $aTit. orig.: Guide to African history. 651 4$aAfrica$xStoria 700 1 $aCasanova, Antonio G. 740 0 $aGuide to African history 907 $a.b1112166x$b23-02-17$c28-06-02 912 $a991003183499707536 945 $aLE002 St. XII A 20$g1$i2002000700285$lle002$o-$pE0.00$q-$rl$s- $t0$u0$v0$w0$x0$y.i10512950$z27-06-02 945 $aLE009 STOR.93-49$g1$i2009000398962$lle009$o-$pE0.00$q-$rl$s- $t0$u0$v0$w0$x0$y.i11259504$z28-06-02 996 $aGuide to African history$949491 997 $aUNISALENTO 998 $ale002$ale009$b01-01-00$cm$da $e-$fita$git $h0$i2 LEADER 06958 am 22008653u 450 001 9910337944903321 005 20231012134306.0 010 $a3-030-01953-5 024 7 $a10.1007/978-3-030-01953-2 035 $a(CKB)4970000000010043 035 $a(DE-He213)978-3-030-01953-2 035 $a(MiAaPQ)EBC5721236 035 $a(Au-PeEL)EBL5721236 035 $a(OCoLC)1108536477 035 $a(oapen)https://directory.doabooks.org/handle/20.500.12854/32668 035 $a(PPN)235006548 035 $a(EXLCZ)994970000000010043 100 $a20190228d2019 u| 0 101 0 $aeng 135 $aurnn#008mamaa 181 $ctxt$2rdacontent 182 $cc$2rdamedia 183 $acr$2rdacarrier 200 10$aAgroecological Transitions: From Theory to Practice in Local Participatory Design$b[electronic resource] /$fedited by Jacques-Eric Bergez, Elise Audouin, Olivier Therond 205 $a1st ed. 2019. 210 $aCham$cSpringer Nature$d2019 210 1$aCham :$cSpringer International Publishing :$cImprint: Springer,$d2019. 215 $a1 online resource (XVI, 335 p. 59 illus., 44 illus. in color.) 311 $a3-030-01952-7 327 $aForeword -- Chapter 1: General introduction -- Chapter 2: TATA-BOX at a glance -- Part I: Territorial Agroecological Transition at a concept crossroads -- Chapter 3: Socio-economic characterisation of agriculture models -- Chapter 4: An integrated approach to livestock farming systems? autonomy in designing and managing agroecological transition at the farm and territorial levels -- Chapter 5: Agroecological transition from farms to territorialised agri-food systems: issues and drivers -- Chapter 6: A plurality of viewpoints regarding the uncertainties of the agroecological transition -- Chapter 7: Towards an integrated framework for the governance of a territorialised agroecological transition -- Chapter 8: The key role of actors in the agroecological transition of farmers: a case-study in the Tarn-Aveyron Basin -- Part II: Support methodology for territorial agroecological transition design, and feedback from the TATA-BOX project experience -- Chapter 9: Participatory methodology for designing an agroecological transition at local level -- Chapter 10: Towards a reflective approach to research project management -- Chapter 11: Evaluation of the operationalisation of the TATA-BOX process -- Part III: New prospects and cross-cutting perspectives -- Chapter 12: Information and communication technology (ICT) and the agroecological transition -- Chapter 13: TATA-BOX: A model for participatory processes? -- Chapter 14: Review and Critique of the TATA-BOX Model -- Chapter 15: Opening the TATA-BOX to raise new questions on agroecological transition. 330 $aThere is wide agreement on the need to change the prevalent agricultural models, given their negative impacts and their incompatibility with current societal issues. Agroecological transition has been promoted as a potential solution to the ecological, social and economic problems generated by these models. It however involves a systemic, multi-scale and transdisciplinary process. Due to this complexity, the overall picture of what farms and food systems ?actually are? and ?might be? may not be apparent at the individual level. Yet individuals? knowledge and values provide complementary insights on how to proceed in deepening ecological modernisation. Expertise can also provide landmarks to be considered in that process. Because local stakeholders? experience and skills are key resources in the adaptation and adoption of agroecological transition, new conceptual and methodological frameworks and tools have to be developed to support them in the design process of such a complex transition. This book presents feedback from the ?Territorial Agroecological Transition in Action?- TATA-BOX research project, which was devoted to these specific issues. The multidisciplinary and multi-organisation research team steered a four-year action-research process in two territories of France. This book presents: i) the key dimensions to be considered when dealing with agroecological transition: diversity of agriculture models, management of uncertainties, polycentric governance, autonomies, and role of actors? networks; ii) an operational and original participatory process and associated boundary tools to support local stakeholders in shifting from a shared diagnosis to a shared action plan for transition, and in so doing developing mutual understanding and involvement; iii) an analysis of the main effects of the methodology on research organisation and on stakeholders? development and application; iv) critical analysis and foresights on the main outcomes of TATA-BOX, provided by external researchers.?. 606 $aAgriculture 606 $aSustainable development 606 $aSoil science 606 $aSoil conservation 606 $aEnvironmental education 606 $aEnvironmental law 606 $aEnvironmental policy 606 $aAgriculture$3https://scigraph.springernature.com/ontologies/product-market-codes/L11006 606 $aSustainable Development$3https://scigraph.springernature.com/ontologies/product-market-codes/U34000 606 $aSoil Science & Conservation$3https://scigraph.springernature.com/ontologies/product-market-codes/U28000 606 $aEnvironmental and Sustainability Education$3https://scigraph.springernature.com/ontologies/product-market-codes/O48000 606 $aEnvironmental Law/Policy/Ecojustice$3https://scigraph.springernature.com/ontologies/product-market-codes/U16002 610 $aLife sciences 610 $aAgriculture 610 $aSustainable development 610 $aSoil science 610 $aSoil conservation 610 $aEnvironmental education 610 $aEnvironmental law 610 $aEnvironmental policy 615 0$aAgriculture. 615 0$aSustainable development. 615 0$aSoil science. 615 0$aSoil conservation. 615 0$aEnvironmental education. 615 0$aEnvironmental law. 615 0$aEnvironmental policy. 615 14$aAgriculture. 615 24$aSustainable Development. 615 24$aSoil Science & Conservation. 615 24$aEnvironmental and Sustainability Education. 615 24$aEnvironmental Law/Policy/Ecojustice. 676 $a630 700 $aBergez$b Jacques-Eric$4edt$01332138 702 $aBergez$b Jacques-Eric$4edt$4http://id.loc.gov/vocabulary/relators/edt 702 $aAudouin$b Elise$4edt$4http://id.loc.gov/vocabulary/relators/edt 702 $aTherond$b Olivier$4edt$4http://id.loc.gov/vocabulary/relators/edt 801 0$bMiAaPQ 801 1$bMiAaPQ 801 2$bMiAaPQ 906 $aBOOK 912 $a9910337944903321 996 $aAgroecological Transitions: From Theory to Practice in Local Participatory Design$93362333 997 $aUNINA